00510nam 2200145 45000010005000001000041000051010013000462000061000592100063001202150017001833000108002006060018003087000018003268010020003445923 a20190729k u||y0frey50 ba afreceng aSanté vaginale et infectionsbBrochuref[Sarah Berndt] aOutaouais (Québec)cCentre de santé des femmesd[198?] a18 p.d22 cm aTrad. partielle de : Vaginal Health / Sarah Berndt. - New Hampshire Feminist Health Center. - Bibliogr. aGynécologie aBerndtbSarah aCHbCH-002049-8